Southville International School and Colleges
Your cart is empty.
  • Cart
  • Lists
    Public lists Eva Luna New books Lux_list list_1
    Your lists Log in to create your own lists
  • Log in to your account
  • Your cookies
  • Search history
Southville International School and Colleges
  • Advanced search
  • Recent comments
  • Most popular
  • Libraries

Log in to your account

Log in with GOOGLE


If you do not have an external account, but do have a local account, you can still log in:

  1. Home
  2. MARC view: Essays on Philippine language and literature /
Normal view MARC view ISBD view

Essays on Philippine language and literature / (Record no. 292348)

[ view plain ]
MARC details
000 -LEADER
fixed length control field 00773nam a2200241Ia 4500
008 - FIXED-LENGTH DATA ELEMENTS--GENERAL INFORMATION
fixed length control field 160319s9999 xx 000 0 und d
020 ## - INTERNATIONAL STANDARD BOOK NUMBER
International Standard Book Number 9789712723780
050 ## - LIBRARY OF CONGRESS CALL NUMBER
Classification number Fil 499.211
050 ## - LIBRARY OF CONGRESS CALL NUMBER
Item number E78 2010
245 ## - TITLE STATEMENT
Title Essays on Philippine language and literature /
245 ## - TITLE STATEMENT
Statement of responsibility, etc Ruth Elynia S. Mabanglo, Rosita G. Galang, editors.
260 ## - PUBLICATION, DISTRIBUTION, ETC. (IMPRINT)
Place of publication, distribution, etc Mandaluyong City :
260 ## - PUBLICATION, DISTRIBUTION, ETC. (IMPRINT)
Name of publisher, distributor, etc Anvil Pub. Inc.
260 ## - PUBLICATION, DISTRIBUTION, ETC. (IMPRINT)
Date of publication, distribution, etc 2010
300 ## - PHYSICAL DESCRIPTION
Extent xxii, 302 pages :
300 ## - PHYSICAL DESCRIPTION
Other physical details illustrations ;
300 ## - PHYSICAL DESCRIPTION
Dimensions 23 cm.
500 ## - GENERAL NOTE
General note In English, and some articles in Tagalog.
650 ## - SUBJECT ADDED ENTRY--TOPICAL TERM
Topical term or geographic name as entry element Filipino language -- Study and teaching.
650 ## - SUBJECT ADDED ENTRY--TOPICAL TERM
Topical term or geographic name as entry element Philippine literature -- Study and teaching.
700 ## - ADDED ENTRY--PERSONAL NAME
Personal name Galang, Rosita G., editor.
700 ## - ADDED ENTRY--PERSONAL NAME
Personal name Mabanglo, Ruth Elynia S., editor
Holdings
Withdrawn status Lost status Damaged status Home library Current library Shelving location Date acquired Total Checkouts Full call number Barcode Date last seen Price effective from Koha item type
      Stonyhurst Southville International School (Batangas) Stonyhurst Southville International School (Batangas) Filipiniana Section 03/19/2016   Fil 499.211 E78 2010 US-1940 03/19/2016 03/19/2016 Books

Essays on Philippine language and literature /

APA

Galang R. G. e., Mabanglo R. E. S. e., .Essays on Philippine language and literature. Mandaluyong City: .

Chicago

Galang Rosita G editor, Mabanglo Ruth Elynia S editor, .Essays on Philippine language and literature. Mandaluyong City: .

Harvard

Galang R. G. e., Mabanglo R. E. S. e., .Essays on Philippine language and literature. Mandaluyong City: .

MLA

Galang Rosita G editor, Mabanglo Ruth Elynia S editor, .Mandaluyong City: . .

  • Place hold
  • Print
  • Cite
  • Add to your cart (remove)
  • Save record
    BIBTEX Dublin Core MARCXML MARC (non-Unicode/MARC-8) MARC (Unicode/UTF-8) MARC (Unicode/UTF-8, Standard) MODS (XML) RIS
  • More searches
    Search for this title in:
    Other Libraries (WorldCat) Other Databases (Google Scholar) Online Stores (Bookfinder.com) Open Library (openlibrary.org)

Exporting to Dublin Core...

SOUTHVILLE LIBRARY

Southville International School and Colleges Library

1281 Tropical Ave. Cor. Luxembourg St., BF Homes International, Las Pinas City

Tel. No. 8256374 / 252358 Loc. 117/146

Powered by Koha